О театральной традиции: пер. с фр.

Bibliografiske detaljer
Hovedforfatter: Вилар Ж. Жан
Andre forfattere: Кин Ц. И. (переводчик), Якушкина Е. Л. (редактор)
Sprog:russisk
Udgivet: Москва, Иностранная литература, 1956
Fag:
Format: MixedMaterials Bog
KOHA link:https://koha.lib.tpu.ru/cgi-bin/koha/opac-detail.pl?biblionumber=351117

MARC

LEADER 00000nam0a2200000 4500
001 351117
005 20231102010354.0
035 |a (RuTPU)RU\TPU\retro\5715 
090 |a 351117 
100 |a 20190409d1956 m y0rusy50 ca 
101 0 |a rus  |c fre 
102 |a RU 
105 |a a z 001zy 
200 1 |a О театральной традиции  |e пер. с фр.  |f Ж. Вилар  |g пер. Ц. И. Кин ; под ред. Е. Л. Якушкиной 
210 |a Москва  |c Иностранная литература  |d 1956 
215 |a 154 с.  |c ил. 
606 |a Театр  |2 stltpush  |3 (RuTPU)RU\TPU\subj\58738  |9 76490 
610 1 |a высказывания 
610 1 |a интервью 
610 1 |a письма 
610 1 |a режиссеры 
610 1 |a французский театр 
675 |a 792  |v 4 
700 1 |a Вилар  |b Ж.  |g Жан 
702 1 |a Кин  |b Ц. И.  |4 730 
702 1 |a Якушкина  |b Е. Л.  |4 340 
801 1 |a RU  |b 63413507  |c 20190409 
801 2 |a RU  |b 63413507  |c 20190409  |g RCR 
942 |c BK